Normal view
MARC view
Entry Personal Name
001 - CONTROL NUMBER
- control field: 5277
003 - CONTROL NUMBER IDENTIFIER
- control field: AM-YEHGA
005 - DATE AND TIME OF LATEST TRANSACTION
- control field: 20250617070458.0
008 - FIXED-LENGTH DATA ELEMENTS
- fixed length control field: 140520|| aca||aabn | a|a d
040 ## - CATALOGING SOURCE
- Original cataloging agency: AM-YEHGA
100 ## - HEADING--PERSONAL NAME
- Personal name: Գարեգին Ա (Հովսեփյան)
- Titles and other words associated with a name: Կաթողիկոս,
- Dates associated with a name: 1867-1952
670 ## - SOURCE DATA FOUND
- Source citation: 85323: Գարեգին Ա (Հովսեփյան) Կաթողիկոս, 1867-1952, Սասմայ ծռեր :, 1892.
ՀՀ Գիտությունների ազգային ակադեմիայի հիմնարար գիտական գրադարան = Fundamental Scientific Library of NAS RA
All site content, except where otherwise noted, is licensed under a